Co nového v bankovnictví

Prognóza vývoje svetového bankovníctva na rok 2007. Globalizácia a rozširovanie nových trhov. Znižovanie nákladov. Limity poplatkov. Zvyšovanie efektivity. Offshoring. Charakteristika hedge fondov. Boj proti praniu špinavých peňazí.

Uložené v:
Podrobná bibliografia
Médium: Kapitola
Jazyk:Czech
Predmet:
Tagy: Pridať tag
Žiadne tagy, Buďte prvý, kto otaguje tento záznam!

MARC

LEADER 00000naa$a2200000$$$4500
001 0057923
005 20231010094303.3
041 0 |a cze 
044 |a CZ 
245 1 0 |a Co nového v bankovnictví 
520 |a Prognóza vývoje svetového bankovníctva na rok 2007. Globalizácia a rozširovanie nových trhov. Znižovanie nákladov. Limity poplatkov. Zvyšovanie efektivity. Offshoring. Charakteristika hedge fondov. Boj proti praniu špinavých peňazí. 
610 2 0 |a bankovníctvo 
610 2 0 |a prognózy 
610 2 0 |a náklady 
610 2 0 |a efektívnosť 
610 2 0 |a offshoring 
610 2 0 |a pranie špinavých peňazí